|
|
|
|
| LEADER |
01291nam a2200313 i 4500 |
| 001 |
7300 |
| 003 |
BD-DhAAL |
| 005 |
20151210143313.0 |
| 008 |
151210s2011 bg a 000 0 beno |
| 010 |
|
|
|a 2011311171
|
| 020 |
|
|
|a 9789848765340 (cover)
|
| 020 |
|
|
|z 978984876534X
|
| 040 |
|
|
|a DLC
|b eng
|e rda
|c DLC
|d DLC
|d BD-DhAAL
|
| 050 |
0 |
0 |
|a QL737.C23
|b C39 2011
|
| 082 |
|
|
|a 599.7/4428
|
| 100 |
1 |
|
|a চৌধুরী, খসরু.
|e author.
|9 16751
|
| 245 |
1 |
0 |
|a সুন্দরবনের বাঘ = Sundarboner bagh /
|c খসরু চৌধুরী.
|
| 246 |
3 |
1 |
|a Sundarboner bagh
|
| 260 |
|
|
|a ঢাকা :
|b প্রথমা প্রকাশন,
|c ২০১০.
|
| 300 |
|
|
|a ১৬০ পৃ. :
|b চিত্র ;
|c ২৩ সে.মি.
|
| 520 |
|
|
|a Articles on tigers of the Sundarbans, a mangrove swamp in Bangladesh and West Bengal.
|
| 541 |
|
|
|e 7300
|
| 546 |
|
|
|a In Bengali.
|
| 650 |
|
0 |
|a Bengal tiger
|z Sundarbans (Bangladesh and India)
|9 16752
|
| 650 |
|
0 |
|a Bengal tiger
|x Conservation
|z Sundarbans (Bangladesh and India)
|9 16753
|
| 650 |
|
0 |
|a Tiger.
|9 16754
|
| 942 |
|
|
|2 ddc
|c BK
|
| 999 |
|
|
|c 36383
|d 36383
|
| 952 |
|
|
|0 0
|1 0
|2 ddc
|4 0
|6 599_700000000000000_4428_CHO
|7 0
|9 57222
|a SCL
|b SCL
|c GEN
|d 2015-12-10
|g 160.00
|l 0
|o 599.74428 CHO
|p 3020007300
|r 2015-12-10
|t 1
|w 2015-12-10
|y BK
|